Metric change in india / (Record no. 123010)

MARC details
000 -LEADER
fixed length control field 00767nam a22002537a 4500
005 - DATE AND TIME OF LATEST TRANSACTION
control field 20170124105919.0
010 ## - LIBRARY OF CONGRESS CONTROL NUMBER
LC control number 587922
020 ## - INTERNATIONAL STANDARD BOOK NUMBER
Terms of availability 00
035 ## - SYSTEM CONTROL NUMBER
System control number 587922
037 ## - SOURCE OF ACQUISITION
Source of stock number/acquisition Cen Lib/Ret
040 ## - CATALOGING SOURCE
Original cataloging agency DPL
Language of cataloging EN
082 ## - DEWEY DECIMAL CLASSIFICATION NUMBER
Classification number 389
Item number MET
245 ## - TITLE STATEMENT
Title Metric change in india /
Statement of responsibility, etc edited by Lal C. Verman, Jainath Kaul
246 ## - VARYING FORM OF TITLE
Remainder of title
260 ## - PUBLICATION, DISTRIBUTION, ETC. (IMPRINT)
Name of publisher, distributor, etc Indian Standards Institution
Place of publication, distribution, etc New Delhi
Date of publication, distribution, etc 1970
270 ## - ADDRESS
City New Delhi
Address manak bhawan, 9 bahadur shah zafar road
Postal code 110001
300 ## - PHYSICAL DESCRIPTION
Extent xxvi, 527p.:
Dimensions 21cm(Hb)
Other physical details ill.
500 ## - GENERAL NOTE
General note Includes appendix and index
650 ## - SUBJECT ADDED ENTRY--TOPICAL TERM
Topical term or geographic name as entry element Administrative Apparatus
9 (RLIN) 3626
650 ## - SUBJECT ADDED ENTRY--TOPICAL TERM
Topical term or geographic name as entry element Matric Systems
9 (RLIN) 3627
700 ## - ADDED ENTRY--PERSONAL NAME
Personal name Verman, Lal C.
9 (RLIN) 3628
700 ## - ADDED ENTRY--PERSONAL NAME
Personal name Kaul, Jainath
9 (RLIN) 3629
942 ## - ADDED ENTRY ELEMENTS (KOHA)
Source of classification or shelving scheme Dewey Decimal Classification
Koha item type English Books
Classification part 389
Call number suffix MET
Holdings
Withdrawn status Lost status Damaged status Not for loan Home library Current library Date acquired Source of acquisition Cost, normal purchase price Total Checkouts Full call number Barcode Date last seen Copy number Cost, replacement price Price effective from Koha item type Public note
Written off       Central Library Central Library 01/06/2015 Cen Lib/Ret 0.00   389 MET 587922 01/06/2015 1 0.00 01/06/2015 English Books Written off on approval by DLB (By Circulation); dtd 15-06-2023

© Delhi Public Library
Hit Counter
free hit counter